A hare-raising tail / (Record no. 33659)
[ view plain ]
| 000 -LEADER | |
|---|---|
| fixed length control field | 01639cam a2200445 a 4500 |
| 001 - CONTROL NUMBER | |
| control field | 12553040 |
| 003 - CONTROL NUMBER IDENTIFIER | |
| control field | OSt |
| 005 - DATE AND TIME OF LATEST TRANSACTION | |
| control field | 20140310184331.0 |
| 008 - FIXED-LENGTH DATA ELEMENTS--GENERAL INFORMATION | |
| fixed length control field | 010928s2002 nyua b 000 1 eng |
| 010 ## - LIBRARY OF CONGRESS CONTROL NUMBER | |
| LC control number | 2001096536 |
| 020 ## - INTERNATIONAL STANDARD BOOK NUMBER | |
| International Standard Book Number | 0689846312 |
| 040 ## - CATALOGING SOURCE | |
| Original cataloging agency | DLC |
| Transcribing agency | DLC |
| Modifying agency | DLC |
| 042 ## - AUTHENTICATION CODE | |
| Authentication code | lcac |
| 050 00 - LIBRARY OF CONGRESS CALL NUMBER | |
| Classification number | PZ 7 |
| Item number | .L668 2004 |
| 100 1# - MAIN ENTRY--PERSONAL NAME | |
| Personal name | Levy, Elizabeth, |
| Dates associated with a name | 1942- |
| 9 (RLIN) | 23829 |
| 245 12 - TITLE STATEMENT | |
| Title | A hare-raising tail / |
| Statement of responsibility, etc | Elizabeth Levy ; illustrated by Mordicai Gerstein. |
| 250 ## - EDITION STATEMENT | |
| Edition statement | 1st Aladdin ed. |
| 260 ## - PUBLICATION, DISTRIBUTION, ETC. (IMPRINT) | |
| Place of publication, distribution, etc | New York, NY : |
| Name of publisher, distributor, etc | Scholastic Inc., |
| Date of publication, distribution, etc | 2002. |
| 300 ## - PHYSICAL DESCRIPTION | |
| Extent | 71 p. : |
| Other physical details | ill. ; |
| Dimensions | 21 cm. |
| 440 #0 - SERIES STATEMENT/ADDED ENTRY--TITLE | |
| Title | Ready-for-chapters |
| 9 (RLIN) | 23830 |
| 490 1# - SERIES STATEMENT | |
| Series statement | A Fletcher mystery |
| 520 ## - SUMMARY, ETC. | |
| Summary, etc | After Fletcher, a salami-loving basset hound, is wrongly accused of eating a pet rabbit, he and his sidekick, Jasper the flea, must find the true culprit before Fletcher is sent back to the dog pound. |
| 521 1# - TARGET AUDIENCE NOTE | |
| Target audience note | |
| 526 ## - STUDY PROGRAM INFORMATION NOTE | |
| Reading level | 450 |
| 650 #1 - SUBJECT ADDED ENTRY--TOPICAL TERM | |
| Topical term or geographic name as entry element | Basset hound |
| Form subdivision | Fiction. |
| 9 (RLIN) | 23831 |
| 650 #1 - SUBJECT ADDED ENTRY--TOPICAL TERM | |
| Topical term or geographic name as entry element | Dogs |
| Form subdivision | Fiction. |
| 9 (RLIN) | 23832 |
| 650 #1 - SUBJECT ADDED ENTRY--TOPICAL TERM | |
| Topical term or geographic name as entry element | Fleas |
| Form subdivision | Fiction. |
| 9 (RLIN) | 23833 |
| 650 #1 - SUBJECT ADDED ENTRY--TOPICAL TERM | |
| Topical term or geographic name as entry element | Rabbits |
| Form subdivision | Fiction. |
| 9 (RLIN) | 23834 |
| 650 #1 - SUBJECT ADDED ENTRY--TOPICAL TERM | |
| Topical term or geographic name as entry element | Schools |
| Form subdivision | Fiction. |
| 9 (RLIN) | 23835 |
| 650 #1 - SUBJECT ADDED ENTRY--TOPICAL TERM | |
| Topical term or geographic name as entry element | Humorous stories. |
| 9 (RLIN) | 3831 |
| 650 #1 - SUBJECT ADDED ENTRY--TOPICAL TERM | |
| Topical term or geographic name as entry element | Mystery and detective stories. |
| 9 (RLIN) | 3790 |
| 700 1# - ADDED ENTRY--PERSONAL NAME | |
| Personal name | Gerstein, Mordicai, |
| Relator term | ill. |
| 9 (RLIN) | 23836 |
| 800 1# - SERIES ADDED ENTRY--PERSONAL NAME | |
| Personal name | Levy, Elizabeth, |
| Dates associated with a name | 1942- |
| Title of a work | Fletcher mystery |
| 9 (RLIN) | 23837 |
| 856 42 - ELECTRONIC LOCATION AND ACCESS | |
| Materials specified | Publisher description |
| Uniform Resource Identifier | <a href="http://www.loc.gov/catdir/description/simon032/2001096536.html">http://www.loc.gov/catdir/description/simon032/2001096536.html</a> |
| 906 ## - LOCAL DATA ELEMENT F, LDF (RLIN) | |
| a | 7 |
| b | cbc |
| c | orignew |
| d | 2 |
| e | epcn |
| f | 20 |
| g | y-gencatlg |
| 942 ## - ADDED ENTRY ELEMENTS (KOHA) | |
| Source of classification or shelving scheme | Library of Congress Classification |
| Koha item type | |
| Withdrawn status | Lost status | Source of classification or shelving scheme | Damaged status | Home library | Current library | Shelving location | Date acquired | Total Checkouts | Full call number | Barcode | Date last seen | Copy number | Price effective from | Koha item type |
|---|---|---|---|---|---|---|---|---|---|---|---|---|---|---|
| Library of Congress Classification | Luxembourg Library | Luxembourg Library | Scholastic Reading Center Section | 10/05/2013 | PZ 7 .L668 2004 | LEX0130 | 04/18/2017 | 1 | 10/05/2013 | Books | ||||
| Library of Congress Classification | Luxembourg Library | Luxembourg Library | Scholastic Reading Center Section | 10/17/2013 | PZ 7 .L668 2004 | SCHO0692 | 04/18/2017 | 2 | 10/17/2013 | Books | ||||
| Library of Congress Classification | Luxembourg Library | Luxembourg Library | Scholastic Reading Center Section | 10/17/2013 | PZ 7 .L668 2004 | SCHO0693 | 04/18/2017 | 3 | 10/17/2013 | Books |